00610nam a22002177a 4500003000500000005001700005008004100022010001000063011001000073035001000083040000900093110006500102245005700167260003700224300001900261490002000280650002200300650002600322650002400348830002000372CHAP20220329140650.0971013s1958 r 00010 d a55669 a56641 a60794 cCHAP aServicio Técnico Agrícola Colombiano Americano. Bogotá aMejores pastos para las zonas tropicales de Colombia aBogotá :b(El servicio),c1958 a64 p.b: ilus. aBoletínv; 1614aPastosxColombia.14aPastosxMejoramiento.14aPastosxTrópicos.0 aBoletínv; 16